Bases para uma axiomática da termodinâmica /

Guardado en:
Autor Principal: Freire, Luiz.
Formato: Libro
Idioma:Portuguese
Publicado: [Recife?] : Instituto de Física e Matemática, Universidade do Recife, 1961.
Series:Textos de física ; No. 1
Etiquetas: Agregar Etiqueta
Sin Etiquetas, Sea el primero en etiquetar este registro!
LEADER 00499nam a22001455a 4500
001 MAT.inmabb001018
008 031119s1961####bl############001#0#por#d
005 20170808164733.0
245 1 0 |a Bases para uma axiomática da termodinâmica /  |c por Luiz Freire. 
260 |a [Recife?] :  |b Instituto de Física e Matemática, Universidade do Recife,  |c 1961. 
300 |a 79 p. ;  |c 24 cm. 
440 0 |a Textos de física ;  |v No. 1 
100 1 |a Freire, Luiz. 
084 |a 80-XX  |2 msc2000 
859 |h 80  |i F866  |p A-897  |b BIB. MATEMATICA